| 000 | 00476nam a2200157Ia 4500 | ||
|---|---|---|---|
| 008 | 220216s9999 xx 000 0 und d | ||
| 100 | _aZohuri G H | ||
| 245 | 0 | _aLow Cis polymerization of butadiene using TiCl4 and bisupported with SiO2/MgCl2(Ethoxide type) TiCl4 catalysts | |
| 260 |
_bRubber Chemistry and Technology _c2004 |
||
| 300 | _a736-744 | ||
| 650 | _aLow Cis polymerization | ||
| 700 | _aAhmadjo S | ||
| 700 | _aJah R Jam | ||
| 700 | _aMohebat R | ||
| 942 | _cJS | ||
| 999 |
_c62292 _d62292 |
||